<?xml version="1.0" encoding="UTF-8"?>
<marc:record xmlns:marc="http://www.loc.gov/MARC21/slim">
   <marc:leader>00000nam a2200000 a 4500</marc:leader>
   <marc:datafield ind1="0" ind2="0" tag="245">
      <marc:subfield code="a">Crazy</marc:subfield>
   </marc:datafield>
   <marc:datafield ind1=" " ind2="1" tag="264">
      <marc:subfield code="b">Universum Film</marc:subfield>
      <marc:subfield code="c">2009</marc:subfield>
   </marc:datafield>
   <marc:datafield ind1="1" ind2=" " tag="520">
      <marc:subfield code="a">Teenager Benjamin wird von seinen Eltern, die sich ständig in den Haaren liegen, ins Internat geschickt. Dort findet sich der halbseitig gelähmte Junge zunächst gar nicht zurecht. Doch als er sich der Clique um den kessen Janosch anschließt, blüht er so richtig auf. Gemeinsam mit seinen Kumpels feiert er an Lagerfeuern, witzelt im Sexualkunde-Unterricht und besucht einen Striptease-Schuppen. Obendrein wagt Benjamin auch erste linkisch-zärtliche Annäherungsversuche bei der süßen Klassenkameradin Malen.</marc:subfield>
   </marc:datafield>
   <marc:datafield ind1="0" ind2=" " tag="490">
      <marc:subfield code="v">0</marc:subfield>
   </marc:datafield>
   <marc:datafield ind1=" " ind2=" " tag="300">
      <marc:subfield code="a">93 min</marc:subfield>
   </marc:datafield>
</marc:record>
